[Event "Brno Morava-D"]
[Site "Brno"]
[Date "1991.??.??"]
[Round "1"]
[White "Babula, Vlastimil"]
[Black "Butnorius, Algimantas"]
[Result "1/2-1/2"]
[WhiteElo "2330"]
[BlackElo "2390"]

1.d4 Nf6 2.c4 e6 3.Nc3 Bb4 4.Qc2 O-O 5.a3 Bxc3+ 6.Qxc3 b6 7.Bg5 Bb7 8.f3 h6
9.Bh4 d5 10.Nh3 Nbd7 11.cxd5 exd5 12.e3 Re8 13.Be2 Qe7 14.Bf2 c5 15.O-O Rac8
16.Rac1 cxd4 17.Qxd4 Nc5 18.Rc3 Ne6 19.Qd2 Rxc3 20.Qxc3 Rc8 21.Qd2 Ne8 22.Rc1 Rxc1+
23.Qxc1 Nd6 24.Qc3 Qd7 25.Bd3 Qa4 26.Bg3 Nc4 27.Bxc4 dxc4 28.Nf4 Qd1+ 29.Qe1  1/2-1/2

[Event "Honved"]
[Site "Budapest"]
[Date "1991.??.??"]
[Round "?"]
[White "Baburin, Alexander"]
[Black "Schlosser, Philipp"]
[Result "1-0"]
[WhiteElo "2480"]
[BlackElo "2485"]

1.d4 Nf6 2.c4 e6 3.Nc3 Bb4 4.Qc2 O-O 5.a3 Bxc3+ 6.Qxc3 b6 7.Bg5 Bb7 8.e3 h6
9.Bh4 d6 10.f3 Nbd7 11.Bd3 c5 12.Ne2 Rc8 13.Qd2 cxd4 14.exd4 Ba6 15.Rc1 d5
16.cxd5 Bxd3 17.dxe6 Bxe2 18.Rxc8 Qxc8 19.exd7 Qxd7 20.Kxe2 Nd5 21.Re1 Rc8
22.Kf1 Qf5 23.Re5 Qb1+ 24.Be1 Rc2 25.Re8+ Kh7 26.Qd3+ g6 27.Qb3  1-0

[Event "Spring op"]
[Site "Budapest"]
[Date "1991.??.??"]
[Round "1"]
[White "Kahn, Evarth"]
[Black "Khasin, Alexander"]
[Result "0-1"]
[WhiteElo "2215"]
[BlackElo "2450"]

1.d4 Nf6 2.c4 e6 3.Nc3 Bb4 4.Qc2 O-O 5.a3 Bxc3+ 6.Qxc3 Qe8 7.Nf3 b6 8.g3 Bb7
9.Bg2 d6 10.O-O Nbd7 11.Be3 Ne4 12.Qc2 f5 13.Rfd1 Ndf6 14.Ng5 h6 15.Nxe4 Bxe4
16.Bxe4 fxe4 17.h3 Qg6 18.b4 Rf7 19.Kh2 Qh5 20.Kg2 Raf8 21.b5 Qg6 22.Rf1 h5
23.Kh2 h4 24.g4 Nxg4+ 25.hxg4 Qxg4 26.f3 Qg3+ 27.Kh1 exf3 28.Rf2 fxe2 29.Qxe2 Rxf2
30.Bxf2 Rxf2 31.Qxe6+ Kh7 32.Qe4+ g6 33.Qe7+ Kh6  0-1

[Event "Budapest Kasparov"]
[Site "Budapest"]
[Date "1991.??.??"]
[Round "3"]
[White "Berkovich, Dmitry"]
[Black "Dzevlan, Miralem"]
[Result "1/2-1/2"]
[WhiteElo "2425"]
[BlackElo "2405"]

1.d4 Nf6 2.c4 e6 3.Nc3 Bb4 4.Qc2 O-O 5.e4 c5 6.dxc5 Qa5 7.Bd3 Nc6 8.Nf3 Bxc5
9.O-O Nb4 10.Qe2 Nxd3 11.Qxd3 Be7 12.e5 Ne8 13.Bf4 a6 14.Rfe1 b5 15.Bg5 f6
16.Nd5 Qd8 17.Be3 Rb8 18.Nxe7+ Qxe7 19.Rad1 Rf7 20.exf6 gxf6 21.c5 Bb7 22.Bd4 Rg7
23.Nh4 Qf7 24.Qh3 Qh5 25.Rd3 Qg4 26.Qxg4 Rxg4 27.Rg3 Rxg3 28.hxg3 Kf7 29.Nf3 b4
30.Nd2  1/2-1/2

[Event "Budapest IM"]
[Site "Budapest"]
[Date "1991.??.??"]
[Round "3"]
[White "Kahn, Evarth"]
[Black "Koch, Thomas"]
[Result "1-0"]
[WhiteElo "2215"]
[BlackElo "2335"]

1.d4 Nf6 2.c4 e6 3.Nc3 Bb4 4.Qc2 O-O 5.a3 Bxc3+ 6.Qxc3 b6 7.Bg5 h6 8.Bh4 Bb7
9.f3 d5 10.e3 Nbd7 11.Nh3 c5 12.cxd5 cxd4 13.Qxd4 Bxd5 14.e4 g5 15.exd5 gxh4
16.dxe6 Nc5 17.exf7+ Kg7 18.Qxd8 Raxd8 19.Bc4 Rd4 20.Rc1 b5 21.Bxb5 Nb3 22.Rc3  1-0

[Event "Utasellato NK"]
[Site "Budapest"]
[Date "1991.??.??"]
[Round "4"]
[White "Petran, Pal"]
[Black "Grabert, Ralf"]
[Result "1-0"]
[WhiteElo "2415"]
[BlackElo "2305"]

1.d4 Nf6 2.c4 e6 3.Nc3 Bb4 4.Qc2 O-O 5.a3 Bxc3+ 6.Qxc3 b5 7.cxb5 c6 8.Bg5 h6
9.Bxf6 Qxf6 10.e3 cxb5 11.Nf3 Bb7 12.Be2 Nc6 13.O-O Rac8 14.Qd2 Ne7 15.Rac1 Qg6
16.Qb4 Rxc1 17.Rxc1 Nf5 18.Qxb5 Bxf3 19.Bxf3 Nh4 20.Qh5 Nxf3+ 21.Qxf3 Kh7
22.Qe2 a5 23.Qc2  1-0

[Event "Cansys IM-Nov"]
[Site "Budapest"]
[Date "1991.??.??"]
[Round "4"]
[White "Elbilia, Jacques"]
[Black "Gocheva, Rumiana B"]
[Result "1-0"]
[WhiteElo "2305"]
[BlackElo "2220"]

1.d4 Nf6 2.c4 e6 3.Nc3 Bb4 4.Qc2 O-O 5.Bg5 c5 6.e3 h6 7.Bh4 cxd4 8.exd4 d5
9.Nf3 Nc6 10.a3 Be7 11.c5 b6 12.Bb5 Nb8 13.b4 Nh5 14.Bxe7 Qxe7 15.O-O Ba6
16.Bxa6 Nxa6 17.Ne5 bxc5 18.bxc5 Nf4 19.g3 Nxc5 20.gxf4 Rac8 21.Qd1 Nb7 22.Qd3 Nd6
23.Rab1 Nf5 24.Ne2 f6 25.Nf3 Rc4 26.Nd2 Ra4 27.Rb3 Rc8 28.Qb5 Rxa3 29.Rxa3 Qxa3
30.Qd7 Qa6 31.Nb3 Rf8 32.Ng3 Rf7 33.Qd8+ Rf8 34.Qd7 Rf7 35.Qe8+ Rf8 36.Qh5 Nxg3
37.hxg3 Qd3 38.Qd1 Qc4 39.Nc5 e5 40.fxe5 fxe5 41.Nd7 Ra8 42.Nxe5  1-0

[Event "Zeus (Women)"]
[Site "Budapest"]
[Date "1991.??.??"]
[Round "4"]
[White "Velvart, Peterne"]
[Black "Voiska, Margarita"]
[Result "0-1"]
[WhiteElo "2195"]
[BlackElo "2335"]

1.d4 Nf6 2.c4 e6 3.Nc3 Bb4 4.Qc2 O-O 5.e3 Re8 6.Nf3 d5 7.a3 Bf8 8.Bd3 c5
9.dxc5 Bxc5 10.b4 Bf8 11.O-O a5 12.b5 Nbd7 13.cxd5 exd5 14.Rd1 Ne5 15.Nxe5 Rxe5
16.Bb2 Rh5 17.Ne2 Bg4 18.f3 Rc8 19.Qd2 Be6 20.Nf4 Rh6 21.Nxe6 fxe6 22.Rac1 Bd6
23.g3 Ra8 24.Bb1 Qf8 25.Qc3 Nd7 26.Kg2 Ne5 27.e4 d4 28.Rxd4 Nxf3 29.Qxf3 Rxh2+
30.Kxh2 Qxf3 31.Rxd6 Qe2+ 32.Kh3 Qxb2 33.Rcd1 Qxb5 34.R6d2 Rf8 35.Kg2 Qh5
36.a4 Qf3+ 37.Kh2 Qe3 38.Rd7 Rf2+ 39.Kh3 Qh6+ 40.Kg4 Qg6+ 41.Kh3 Qh5+  0-1

[Event "Zeus (Women)"]
[Site "Budapest"]
[Date "1991.??.??"]
[Round "6"]
[White "Velvart, Peterne"]
[Black "Csoke, Adrienn"]
[Result "0-1"]
[WhiteElo "2195"]
[BlackElo "2170"]

1.d4 Nf6 2.c4 e6 3.Nc3 Bb4 4.Qc2 O-O 5.e3 c5 6.a3 Bxc3+ 7.bxc3 b6 8.e4 d6
9.Bg5 e5 10.d5 h6 11.Bh4 Nbd7 12.Bd3 Re8 13.f3 Nf8 14.Bf2 Nh5 15.g3 Bd7 16.Be3 Ng6
17.Qd2 Qc8 18.Qc2 Rf8 19.Ne2 b5 20.g4 Nhf4 21.Bxf4 exf4 22.Kf2 bxc4 23.Bxc4 Bxg4
24.fxg4 Qxg4 25.Ng1 Ne5 26.Be2 Qh4+ 27.Kf1 g5 28.Qd2 f5 29.exf5 f3 30.Bd3 f2
31.Qxf2 Qxf2+ 32.Kxf2 Nxd3+ 33.Ke3 Nf4 34.c4 Rab8 35.Kd2 Rb2+ 36.Ke3 Rfb8
37.Rf1 R8b3+ 38.Ke4 Rc2 39.f6 Ng2 40.f7+ Kf8 41.Nf3 Rxc4+ 42.Kf5 Rf4+ 43.Ke6 Rfxf3
44.Rxf3 Rxf3 45.Rb1 Rxf7 46.Kxd6 c4 47.Rb8+ Kg7 48.Rc8 Ne3 49.Ke6 Rf6+ 50.Ke5 Ng4+
51.Kd4 Rf4+ 52.Kc5 c3 53.Kd6 Rf6+ 54.Ke7 Ne3 55.d6 Nd5+  0-1

[Event "Cansys IM-Nov"]
[Site "Budapest"]
[Date "1991.??.??"]
[Round "7"]
[White "Elbilia, Jacques"]
[Black "Orgovan, Sandor"]
[Result "1-0"]
[WhiteElo "2305"]
[BlackElo "2330"]

1.d4 Nf6 2.c4 e6 3.Nc3 Bb4 4.Qc2 O-O 5.a3 Bxc3+ 6.Qxc3 b5 7.cxb5 Bb7 8.Nf3 c6
9.bxc6 Nxc6 10.b4 Rc8 11.Qb2 Ne4 12.e3 Ne7 13.Bd3 f5 14.O-O Ng6 15.Ne1 f4
16.f3 Nc3 17.Bd2 Na4 18.Qb3 fxe3 19.Bxe3 Nc3 20.Rc1 Nd5 21.Bxg6 hxg6 22.Rxc8 Qxc8
23.Rf2 Qd8 24.Rc2 Qf6 25.Qd3 a6 26.Qd2 Bc6 27.Nd3 Qf5 28.Rc1 Nxe3 29.Qxe3 Qd5
30.Ne5 g5 31.Nxc6 dxc6 32.Qe5 Qb3 33.Rxc6 Rf6 34.Rxa6 Qd1+ 35.Kf2 g4 36.Rxe6 Qd2+
37.Qe2 Qxd4+ 38.Qe3 Qb2+ 39.Kg3 gxf3 40.gxf3 Kf7 41.Rxf6+  1-0

[Event "Budapest Kasparov"]
[Site "Budapest"]
[Date "1991.??.??"]
[Round "8"]
[White "Dzevlan, Miralem"]
[Black "Luther, Thomas"]
[Result "0-1"]
[WhiteElo "2405"]
[BlackElo "2470"]

1.d4 e6 2.c4 Nf6 3.Nc3 Bb4 4.Qc2 O-O 5.a3 Bxc3+ 6.Qxc3 b6 7.Bg5 Bb7 8.e3 h6
9.Bh4 c5 10.dxc5 bxc5 11.f3 d5 12.cxd5 g5 13.Bf2 Nxd5 14.Qd2 Qf6 15.h4 Rd8
16.Qc2 Qe5 17.e4 Nc6 18.Be2 Nf4 19.g3 Nxe2 20.Nxe2 Nd4 21.Nxd4 cxd4 22.Qd2 Bxe4
23.O-O Bxf3 24.hxg5 Bb7 25.Kh2 hxg5  0-1

[Event "Budapest Kasparov"]
[Site "Budapest"]
[Date "1991.??.??"]
[Round "9"]
[White "Berkovich, Dmitry"]
[Black "Vadasz, Laszlo"]
[Result "1/2-1/2"]
[WhiteElo "2425"]
[BlackElo "2385"]

1.d4 Nf6 2.c4 e6 3.Nc3 Bb4 4.Qc2 O-O 5.Nf3 d5 6.a3 Bxc3+ 7.Qxc3 b6 8.cxd5 Nxd5
9.Qc2 Bb7 10.e4 Ne7 11.Bf4 Ng6 12.Be3 Nd7 13.h4 h6 14.h5 Ne7 15.Rd1 f5 16.Bd3 Nf6
17.exf5 Nxf5 18.Bxf5 exf5 19.Qxf5 Be4 20.Qe6+ Kh7 21.Ne5 Nd5 22.Qg4 Bf5 23.Qg3 Qe8
24.Bc1 Rd8 25.f3 Nf6 26.Qh4 c5  1/2-1/2

[Event "Budapest Kasparov"]
[Site "Budapest"]
[Date "1991.??.??"]
[Round "13"]
[White "Horvath, Csaba"]
[Black "Vadasz, Laszlo"]
[Result "1-0"]
[WhiteElo "2460"]
[BlackElo "2385"]

1.d4 Nf6 2.c4 e6 3.Nc3 Bb4 4.Qc2 O-O 5.a3 Bxc3+ 6.Qxc3 b6 7.Bg5 Bb7 8.f3 d5
9.e3 Nbd7 10.Nh3 c5 11.cxd5 exd5 12.Bd3 h6 13.Bh4 Re8 14.O-O cxd4 15.exd4 Qc8
16.Rac1 Qxc3 17.Rxc3 Rac8 18.Rfc1 Rxc3 19.Rxc3 Rc8 20.Rxc8+ Bxc8 21.Nf2 Nb8
22.Nd1 Nc6 23.Bxf6 gxf6 24.Nc3 Nxd4 25.Nxd5 Kg7 26.Kf2 Be6 27.Nc7 Bd7 28.Ke3 Nb3
29.Bb5 Bf5 30.Ne8+ Kg6 31.Nd6 Be6 32.Bd3+ Kg7 33.Ne8+ Kf8 34.Nxf6  1-0

[Event "Buenos Aires GP"]
[Site "Buenos Aires"]
[Date "1991.??.??"]
[Round "3"]
[White "Marcussi, Bartolome"]
[Black "Adla, Diego"]
[Result "0-1"]
[WhiteElo "2225"]
[BlackElo "2435"]

1.d4 Nf6 2.c4 e6 3.Nc3 Bb4 4.Qc2 O-O 5.Nf3 c5 6.dxc5 Na6 7.Bf4 Nxc5 8.a3 Bxc3+
9.Qxc3 a5 10.e3 Nfe4 11.Qc2 a4 12.Rd1 b6 13.Be2 Qe7 14.O-O Bb7 15.h3 d6 16.Nd2 e5
17.Bh2 Nxd2 18.Qxd2 Rad8 19.f3 f5 20.Rfe1 Rf6 21.Kh1 g5 22.Rf1 Rdf8 23.e4 fxe4
24.Qxg5+ Kh8 25.Rxd6 Qxd6 26.Bxe5 Qe6 27.fxe4 Nxe4  0-1

[Event "Buenos Aires Konex"]
[Site "Buenos Aires"]
[Date "1991.??.??"]
[Round "4"]
[White "Oblitas, Carlomagno"]
[Black "Rubinetti, Jorge A"]
[Result "1-0"]
[WhiteElo "2350"]
[BlackElo "2440"]

1.d4 Nf6 2.c4 e6 3.Nc3 Bb4 4.Qc2 O-O 5.a3 Bxc3+ 6.Qxc3 b6 7.Bg5 Bb7 8.f3 d5
9.cxd5 exd5 10.e3 Nbd7 11.Nh3 Re8 12.Be2 h6 13.Bh4 Qe7 14.Bf2 c5 15.O-O cxd4
16.Qxd4 Nc5 17.Rad1 Rac8 18.Rfe1 Bc6 19.b4 Ne6 20.Qb2 Red8 21.Ba6 Bb7 22.Bd3 Nd7
23.Bg3 Qf6 24.Qxf6 Nxf6 25.Be5 Ne8 26.Rc1 f6 27.Rxc8 Rxc8 28.Bf5 Rc6 29.b5 fxe5
30.bxc6 Bc8 31.e4 d4 32.f4 Kf7 33.fxe5 Ba6 34.Rd1 N8c7 35.g3 g5 36.Nf2 Bb5
37.Ng4 h5 38.Nf6 Bxc6 39.Nd5 Nxd5 40.exd5 Bxd5 41.Bxe6+ Kxe6 42.Rxd4 Kxe5
43.Rb4 Bc6 44.Kf2 b5 45.Ke3 a5 46.Rb2 Bd7 47.Rd2 Be6 48.Rd4 Bb3 49.Rd8 Kf5
50.Rb8 Bc4 51.Kd4 a4 52.h3 h4 53.Rf8+ Kg6 54.g4 Kg7 55.Rf5 Kg6 56.Rf8 Kg7
57.Rf2 Kg6 58.Ke5 Bd3 59.Rf6+ Kg7 60.Rd6 Bf1 61.Kf5 Bxh3 62.Kxg5 Bf1 63.Kxh4 Kf7
64.Rb6 Ke7 65.g5 Kd7 66.g6 Kc7 67.g7  1-0

[Event "Buenos Aires GP"]
[Site "Buenos Aires"]
[Date "1991.??.??"]
[Round "6"]
[White "Amura, Claudia Noemi"]
[Black "Tossutti, Juan C"]
[Result "0-1"]
[WhiteElo "2405"]
[BlackElo "2230"]

1.d4 Nf6 2.c4 e6 3.Nc3 Bb4 4.Qc2 O-O 5.a3 Bxc3+ 6.Qxc3 b6 7.Bg5 Bb7 8.e3 h6
9.Bh4 d6 10.f3 Nbd7 11.Bd3 e5 12.Ne2 Re8 13.O-O e4 14.Bc2 exf3 15.gxf3 Qe7
16.Bxf6 Qxe3+ 17.Qxe3 Rxe3 18.Bxg7 Rxe2 19.Bd1 Re6  0-1

[Event "Buenos Aires Konex"]
[Site "Buenos Aires"]
[Date "1991.??.??"]
[Round "7"]
[White "Oblitas, Carlomagno"]
[Black "Adla, Diego"]
[Result "1/2-1/2"]
[WhiteElo "2350"]
[BlackElo "2435"]

1.d4 Nf6 2.c4 e6 3.Nc3 Bb4 4.Qc2 O-O 5.Nf3 c5 6.dxc5 Na6 7.a3 Bxc3+ 8.Qxc3 Nxc5
9.e3 a5 10.b3 Nfe4 11.Qc2 b6 12.Bb2 Bb7 13.Be2 f5 14.O-O Ng5 15.b4 Nxf3+
16.Bxf3 Bxf3 17.gxf3 axb4 18.axb4 Qg5+ 19.Kh1 Qh5 20.Qd1 Nd3 21.Qxd3 Qxf3+
22.Kg1  1/2-1/2

[Event "BUL-ch"]
[Site "?"]
[Date "1991.??.??"]
[Round "1"]
[White "Mitev, Georgi"]
[Black "Genov, Petar"]
[Result "1/2-1/2"]
[WhiteElo "2280"]
[BlackElo "2420"]

1.d4 Nf6 2.c4 e6 3.Nc3 Bb4 4.Qc2 O-O 5.a3 Bxc3+ 6.Qxc3 d6 7.f3 c5 8.dxc5 dxc5
9.b4 Qe7 10.e3 e5 11.Bb2 Re8 12.Ne2 cxb4 13.axb4 b5 14.cxb5 Nd5 15.Qd2 Qxb4
16.e4 Qxd2+ 17.Kxd2 Nb6 18.Nc3 Be6 19.Na4 N8d7 20.Nxb6 axb6 21.Be2 f6 22.Rxa8 Rxa8
23.Ra1 Rxa1 24.Bxa1 Nc5 25.Bc3 Kf7 26.g3 g5 27.Ke3 Na4 28.Ba1 Ke7 29.Bd1 Nc5
30.Bc3 Bc4 31.Be2 Bxe2 32.Kxe2 Kd7 33.Ke3 Ne6 34.Kd3 Nc5+ 35.Ke3 Nb7 36.f4 Ke6
37.fxg5 fxg5 38.Kd3 Nd6 39.Bd2 g4 40.Be3 Nxb5 41.Bxb6  1/2-1/2

[Event "JUG-chT Cetinje"]
[Site "Cetinje"]
[Date "1991.??.??"]
[Round "3"]
[White "Ilincic, Zlatko"]
[Black "Dizdarevic, Emir"]
[Result "1/2-1/2"]
[WhiteElo "2470"]
[BlackElo "2505"]

1.d4 Nf6 2.c4 e6 3.Nc3 Bb4 4.Qc2 O-O 5.a3 Bxc3+ 6.Qxc3 d6 7.Bg5 Nbd7 8.e3 b6
9.Bd3 c5 10.Ne2 Ba6 11.b3 Rc8 12.Rd1 Ne4 13.Bxd8 Nxc3 14.Nxc3 Rfxd8 15.d5 Nf6
16.e4 exd5 17.exd5 Rc7 18.Kd2 Re7 19.Rde1 Rde8 20.Rxe7 Rxe7 21.Re1 Kf8 22.Rxe7 Kxe7
23.h3 Bc8 24.Ke3 Ne8 25.Kf4 h6 26.h4 g6 27.g4 Bd7 28.Nd1 Ng7 29.Ne3 Kf6 30.Ke4 Ke7
31.Kf4 Kf6 32.Be2 Ke7 33.Kg3 Bc8 34.Ng2 Kf6 35.f4 Ke7 36.Ne3 Bd7 37.Kf2 Bc8
38.Nf1 Bd7 39.Ng3 Bc8 40.Kf3 Bd7 41.Bd3 Bc8 42.f5 g5 43.hxg5 hxg5 44.Ne4 f6
45.Ke3 Ne8 46.Nc3 Nc7 47.Kd2 a5 48.Na2 Bd7 49.Kc3 Na6 50.Bc2 Kd8 51.Nc1 Be8
52.Nd3 Bd7 53.a4  1/2-1/2

[Event "JUG-chT Cetinje"]
[Site "Cetinje"]
[Date "1991.??.??"]
[Round "5"]
[White "Ilincic, Zlatko"]
[Black "Averkin, Orest N"]
[Result "0-1"]
[WhiteElo "2470"]
[BlackElo "2470"]

1.d4 Nf6 2.c4 e6 3.Nc3 Bb4 4.Qc2 O-O 5.a3 Bxc3+ 6.Qxc3 b6 7.Bg5 Bb7 8.e3 d6
9.f3 Nbd7 10.Bd3 c5 11.Ne2 Rc8 12.e4 h6 13.Bh4 Ba6 14.Bxf6 Qxf6 15.b3 d5
16.cxd5 cxd4 17.Qd2 Bxd3 18.Qxd3 exd5 19.exd5 Rfe8 20.Kf1 Qe5 21.b4 Qxd5
22.Rd1 Ne5 23.Qxd4 Qb5 24.Kf2 Nxf3 25.Qd3 Qxd3 26.Rxd3 Rc2 27.Re3 Rxe3 28.Kxe3 Ne5
29.Ra1 Rb2 30.h3 h5 31.Nf4 h4 32.Rc1 f6 33.Rc7 Rb3+ 34.Ke4 Rxa3 35.Nh5 Nf7
36.Rc8+ Kh7 37.Rc7 Nd6+ 38.Kf4 Kg6 39.Nxg7 Ra4 40.Ne6 Rxb4+ 41.Kf3 a5 42.Rd7 Nc4
43.Rg7+ Kh6 44.Ke4 Nd6+ 45.Kd5 Nf5 46.Rf7 Kg6 47.Rb7 Ne3+ 48.Kd6 Kf5 49.Ng7+ Ke4
50.Nh5 f5 51.g3 hxg3 52.Nxg3+ Kf3 53.Nh5 f4 54.Rf7 a4 55.Kc6 a3 56.Ra7 Nc4  0-1

[Event "Cetinje (Women)"]
[Site "Cetinje"]
[Date "1991.??.??"]
[Round "5"]
[White "Maric, Alisa"]
[Black "Markovic, Gordana"]
[Result "1-0"]
[WhiteElo "2425"]
[BlackElo "2260"]

1.d4 Nf6 2.c4 e6 3.Nc3 Bb4 4.Qc2 O-O 5.a3 Bxc3+ 6.Qxc3 b6 7.Bg5 Bb7 8.Nh3 h6
9.Bh4 d5 10.cxd5 exd5 11.e3 c5 12.Bd3 g5 13.Bg3 Nc6 14.dxc5 d4 15.Qc2 dxe3
16.fxe3 Qe7 17.O-O bxc5 18.Qf2 c4 19.Bc2 Ne8 20.Qf5 f6 21.Nf2 Bc8 22.Qd5+ Qe6
23.Be4 f5 24.Qxc6 fxe4 25.Qxa8  1-0

[Event "JUG-chT Cetinje"]
[Site "Cetinje"]
[Date "1991.??.??"]
[Round "8"]
[White "Djukic, Zeljko"]
[Black "Kurajica, Bojan"]
[Result "0-1"]
[WhiteElo "2420"]
[BlackElo "2520"]

1.d4 Nf6 2.c4 e6 3.Nc3 Bb4 4.Qc2 O-O 5.a3 Bxc3+ 6.Qxc3 b6 7.Nf3 d6 8.g3 a5
9.Bg2 a4 10.Bg5 Bb7 11.d5 Nbd7 12.Nd4 Ra5 13.Bxf6 Nxf6 14.Nc6 Bxc6 15.dxc6 Rc5
16.Qd4 Qa8 17.O-O d5 18.cxd5 exd5 19.e4 dxe4 20.Bxe4 Nxe4 21.Qxe4 Re8 22.Qf4 Rxc6
23.Rad1 Rc2 24.Rd7 Rf8 25.Rxc7 Rxb2 26.Rfc1 Rb3 27.Qd6 h6 28.Rd7 Qe4 29.Re7 Qf3
30.Ra7 Ra8 31.Rxa8+ Qxa8 32.Qf4 Rf3 33.Qg4 Kh7 34.Rc7 b5 35.Qd7 Qa5 36.Qe7 Qb6
37.Qe4+ g6 38.Rc2 Qf6 39.Qb4 Rb3 40.Qc5 Qf3 41.Rc1 h5 42.h4 Rb2 43.Qd4 Re2
44.Rb1 Rc2 45.Qa7 Ra2  0-1

[Event "Cheliabinsk-A"]
[Site "Cheliabinsk"]
[Date "1991.??.??"]
[Round "?"]
[White "Sorokin, Maxim"]
[Black "Atalik, Suat"]
[Result "1-0"]
[WhiteElo "2510"]
[BlackElo "2435"]

1.d4 Nf6 2.c4 e6 3.Nc3 Bb4 4.Qc2 O-O 5.a3 Bxc3+ 6.Qxc3 b6 7.Bg5 Bb7 8.e3 d6
9.f3 h6 10.Bh4 Nbd7 11.Bd3 c5 12.Ne2 Rc8 13.b4 d5 14.dxc5 bxc5 15.b5 Nb6
16.Bxf6 Qxf6 17.Qxf6 gxf6 18.cxd5 Bxd5 19.Nc3 Bc4 20.Bxc4 Nxc4 21.Ke2 Rfd8
22.Rhd1 f5 23.a4 Kf8 24.Rac1 Na5 25.Rxd8+ Rxd8 26.Nb1 Rd5 27.Nd2 f4 28.exf4 Rd4
29.Ne4 Rxa4 30.Rxc5 Nb3 31.Rc8+ Kg7 32.Ke3 Nd4 33.Nd6 Rb4 34.Rc7 Nxb5 35.Rxf7+ Kg6
36.Re7 Rb3+ 37.Kf2 Nd4 38.Rxa7 Rb2+ 39.Ke3 Nc2+ 40.Kd2 Nb4+ 41.Kc3 Rb1 42.g3 Nd5+
43.Kd4 Nf6 44.Nc4 Rd1+ 45.Ke3 Nd5+ 46.Ke2 Rh1 47.Ne5+ Kh5 48.Ng4 Kg6 49.Kf2 Rb1
50.Ne5+ Kh5 51.Kg2 Rb2+ 52.Kh3 Nxf4+ 53.gxf4 Rb7 54.Nc6  1-0

[Event "Cheliabinsk-A"]
[Site "Cheliabinsk"]
[Date "1991.??.??"]
[Round "?"]
[White "Sherbakov, Ruslan"]
[Black "Atalik, Suat"]
[Result "1-0"]
[WhiteElo "2525"]
[BlackElo "2435"]

1.d4 Nf6 2.c4 e6 3.Nc3 Bb4 4.Qc2 O-O 5.a3 Bxc3+ 6.Qxc3 b6 7.Bg5 Bb7 8.f3 h6
9.Bh4 d5 10.e3 Nc6 11.Nh3 Rc8 12.c5 bxc5 13.Qxc5 Nd7 14.Bxd8 Nxc5 15.dxc5 Rfxd8
16.b4 Ne5 17.Nf2 Rb8 18.Kd2 d4 19.e4 Bc6 20.f4 Ng6 21.g3 e5 22.f5 Ne7 23.Bd3 a5
24.Rhb1 Bb5 25.a4 Bxd3 26.Nxd3 axb4 27.Rxb4 Nc6 28.Rxb8 Rxb8 29.a5 f6 30.a6 Na7
31.Kc2 Kf7 32.g4 Ke7 33.Rb1 Rxb1 34.Kxb1 Kd7 35.Nb4 c6 36.Kc2 Kc7 37.h4 Nc8
38.Kb3 Ne7 39.Ka4 g5 40.h5 Nc8 41.Nd3 Na7 42.Nb2 Nb5 43.Nc4 Nc3+ 44.Kb4 Nd1
45.Nxe5 Nf2 46.Kc4 d3 47.Nxd3 Nxg4 48.Kd4 Kb8 49.e5 fxe5+ 50.Nxe5 Nf6 51.Nxc6+ Ka8
52.Ne7  1-0

[Event "Cheliabinsk-B"]
[Site "Cheliabinsk"]
[Date "1991.??.??"]
[Round "?"]
[White "Shipov, Sergei"]
[Black "Panchenko, Alexander N"]
[Result "1/2-1/2"]
[WhiteElo "2450"]
[BlackElo "2445"]

1.d4 Nf6 2.c4 e6 3.Nc3 Bb4 4.Qc2 O-O 5.a3 Bxc3+ 6.Qxc3 d6 7.Bg5 Re8 8.Nf3 Nbd7
9.e3 e5 10.Be2 Qe7 11.Qc2 Nf8 12.d5 Ng6 13.O-O h6 14.Bxf6 Qxf6 15.Bd3 Nh4
16.Nxh4  1/2-1/2

[Event "Cheliabinsk"]
[Site "Cheliabinsk"]
[Date "1991.??.??"]
[Round "?"]
[White "Sherbakov, Ruslan"]
[Black "Savon, Vladimir A"]
[Result "1/2-1/2"]
[WhiteElo "2505"]
[BlackElo "2465"]

1.d4 Nf6 2.c4 e6 3.Nc3 Bb4 4.Qc2 O-O 5.a3 Bxc3+ 6.Qxc3 b6 7.Bg5 h6 8.Bh4 c5
9.dxc5 bxc5 10.f3 Nc6 11.O-O-O Rb8 12.Bg3 e5 13.Bxe5 Nxe5 14.Qxe5 Ba6 15.e4 Qa5
16.Ne2 Rb3 17.Nd4 Rxa3 18.bxa3 Qxa3+ 19.Kb1 cxd4 20.Qd6 Qb3+ 21.Kc1 Qc3+  1/2-1/2

[Event "ITA-ch"]
[Site "Chianciano Terme"]
[Date "1991.??.??"]
[Round "?"]
[White "Marinelli, Tullio"]
[Black "Tatai, Stefano"]
[Result "1/2-1/2"]
[WhiteElo "2365"]
[BlackElo "2410"]

1.d4 Nf6 2.c4 e6 3.Nc3 Bb4 4.Qc2 O-O 5.e3 b6 6.Bd3 Bb7 7.f3 d5 8.cxd5 exd5
9.Ne2 c5 10.O-O Nc6 11.a3 cxd4 12.Nxd4 Nxd4 13.exd4 Be7 14.Bg5 h6 15.Bh4 Nh5
16.Bxe7 Qxe7 17.Rfe1 Qh4 18.Qf2 Qxf2+ 19.Kxf2 Nf4 20.Bf5 g6 21.g3 Nh5 22.Re7 Rab8
23.Bh3 Rfd8 24.Rae1 Nf6 25.Na2 Kf8 26.R7e2 Bc8 27.Bg2 Ba6 28.Rd2 Rbc8 29.Nb4 Bb5
30.Nc2 Rc7 31.Ne3  1/2-1/2

[Event "Chiasso op"]
[Site "Chiasso"]
[Date "1991.??.??"]
[Round "?"]
[White "Flear, Glenn C"]
[Black "Rozentalis, Eduardas"]
[Result "1/2-1/2"]
[WhiteElo "2515"]
[BlackElo "2575"]

1.d4 Nf6 2.c4 e6 3.Nc3 Bb4 4.Qc2 O-O 5.a3 Bxc3+ 6.Qxc3 b6 7.Bg5 h6 8.Bh4 Ba6
9.e3 d6 10.Bd3 Nbd7 11.Ne2 c5 12.b4 cxd4 13.exd4 Rc8 14.Qb3 e5 15.f3 exd4
16.O-O Ne5 17.b5 Bb7 18.Nxd4 d5 19.Bxf6 Qxf6 20.cxd5 Nd7 21.Qb4 Bxd5 22.Rad1  1/2-1/2

[Event "Chiasso op"]
[Site "Chiasso"]
[Date "1991.??.??"]
[Round "?"]
[White "Medancic, Rikard"]
[Black "Tatai, Stefano"]
[Result "1/2-1/2"]
[WhiteElo "2335"]
[BlackElo "2410"]

1.d4 Nf6 2.c4 e6 3.Nc3 Bb4 4.Qc2 O-O 5.a3 Bxc3+ 6.Qxc3 Qe8 7.f3 d6 8.e4 a5
9.b3 e5 10.Be3 b6 11.dxe5 dxe5 12.c5 Ba6 13.cxb6 cxb6 14.Rc1 Nfd7 15.Ne2 Qe7
16.Qb2 Nc5  1/2-1/2

[Event "Copenhagen op"]
[Site "Copenhagen"]
[Date "1991.??.??"]
[Round "6"]
[White "From, Sigfred"]
[Black "Wedberg, Tom"]
[Result "0-1"]
[WhiteElo "2275"]
[BlackElo "2465"]

1.d4 Nf6 2.c4 e6 3.Nc3 Bb4 4.Qc2 O-O 5.a3 Bxc3+ 6.Qxc3 b6 7.Bg5 Bb7 8.Nf3 h6
9.Bf4 d6 10.h3 Nbd7 11.e3 Ne4 12.Qc2 f5 13.O-O-O Rc8 14.Ne1 Qe7 15.f3 Nef6
16.Bh2 d5 17.Kb1 c5 18.Qb3 Nb8 19.Bxb8 Rxb8 20.Nd3 dxc4 21.Qxc4 Bd5 22.Qc3 c4
23.Ne5 Rfc8 24.Rc1 b5 25.g4 b4 26.axb4 Rxb4 27.Rh2 Qb7 28.Rhc2 Ra4 29.gxf5 exf5
30.Bd3 Be6 31.Bf1 Nd5 32.Qe1 Nb4 33.Rc3 Qa6 34.Ra3 Rxa3 35.Qxb4 Ra1+ 36.Kc2 Rxc1+
37.Kxc1 Qa1+ 38.Kc2 c3 39.bxc3 Qxf1 40.Qd6 Qe2+ 41.Kb1 Qa2+  0-1

[Event "Correze m"]
[Site "Correze"]
[Date "1991.??.??"]
[Round "1"]
[White "Shirov, Alexei"]
[Black "Renet, Olivier"]
[Result "1/2-1/2"]
[WhiteElo "2615"]
[BlackElo "2470"]

1.d4 Nf6 2.c4 e6 3.Nc3 Bb4 4.Qc2 O-O 5.a3 Bxc3+ 6.Qxc3 b6 7.Bg5 Bb7 8.f3 h6
9.Bh4 d5 10.e3 Nbd7 11.Nh3 Re8 12.Nf2 Rc8 13.c5 c6 14.Bd3 bxc5 15.dxc5 Qc7
16.O-O a5 17.Bg3 e5 18.Ng4 Ra8 19.b4 Ba6 20.Nxf6+ Nxf6 21.Bxa6 Rxa6 22.Rfb1 Nd7
23.e4 dxe4 24.fxe4 axb4 25.axb4 Rxa1 26.Rxa1 Nf6 27.Qd3 Nh5 28.Ra6 Nxg3 29.hxg3 Qc8
30.Rb6 Kh7 31.Qf1 Kg8 32.Qa6 Qg4 33.Qd3 Ra8 34.Qf3 Qd7 35.Kh2 Re8 36.Qe2 Ra8
37.Qf1 Qc7 38.Qd3 Kf8 39.b5 cxb5 40.Qxb5 Rc8 41.Rd6 Kg8 42.Rd5 Kh7 43.Qf1 Re8
44.Qf5+ g6 45.Qf3 Kg7 46.Qc3 Qc6 47.Qc4 Re6 48.Rd8 h5 49.Qd5 Kf6 50.Rb8 Qc7
51.Rb7 Qc8 52.Rb6 Qc7 53.Rb3 Qc8 54.Rb7 Kg7 55.Rb6 Re7 56.Rd6 Qg4 57.Rd8 h4
58.gxh4 Qxh4+ 59.Kg1 Qe1+ 60.Kh2 Qh4+  1/2-1/2

[Event "Dortmund op"]
[Site "Dortmund"]
[Date "1991.??.??"]
[Round "3"]
[White "Lingnau, Carsten"]
[Black "Vehi Bach, Victor Manuel"]
[Result "0-1"]
[WhiteElo "2225"]
[BlackElo "2420"]

1.d4 Nf6 2.c4 e6 3.Nc3 Bb4 4.Qc2 O-O 5.a3 Bxc3+ 6.Qxc3 b6 7.Bg5 Bb7 8.f3 h6
9.Bh4 d5 10.e3 Re8 11.Nh3 Qe7 12.Be2 g5 13.Bg3 c5 14.dxc5 bxc5 15.Rc1 Nc6
16.cxd5 exd5 17.Qxc5 Qxe3 18.Qxe3 Rxe3 19.Bf2 Re6 20.Kd1 Rd8 21.Re1 d4 22.Bb5 Ne5
23.Rc7 Bd5 24.Rxa7 Rb6 25.a4 Bb3+ 26.Kd2 Nc4+ 27.Bxc4 Bxc4 28.Rb1 Ba2 29.Rc1 Be6
30.Ra5 Rxb2+ 31.Rc2 Rb3 32.Rb5 Ra3 33.Ng1 Rxa4 34.Rcb2 Nd5 35.Rb8 Rxb8 36.Rxb8+ Kh7
37.Rb2 Nf4 38.g3 Ng6 39.Ne2 Ne5 40.Nxd4 Nc4+ 41.Kc2 Nxb2 42.Nxe6 fxe6 43.Kxb2 Rc4
44.Be3 Kg6 45.Kb3 Rc8  0-1

[Event "Telecom op"]
[Site "Dublin"]
[Date "1991.??.??"]
[Round "?"]
[White "Flear, Glenn C"]
[Black "Suba, Mihai"]
[Result "1-0"]
[WhiteElo "2470"]
[BlackElo "2540"]

1.d4 Nf6 2.c4 e6 3.Nc3 Bb4 4.Qc2 O-O 5.a3 Bxc3+ 6.Qxc3 b6 7.Bg5 Bb7 8.e3 c5
9.dxc5 bxc5 10.Nf3 a5 11.Bd3 d6 12.O-O Nbd7 13.Rad1 Ra6 14.Nd2 a4 15.f3 h6
16.Bh4 Rb6 17.Qc2 Qa8 18.Nb1 Bc6 19.Nc3 Rfb8 20.Rb1 Rb3 21.Bg3 Ne5 22.Be2 Qb7
23.Rfd1 Ne8 24.Nb5 Rxe3 25.Qd2 Rb3 26.Nxd6 Nxd6 27.Bxe5 Nf5 28.Bxb8 Qxb8
29.Qd8+ Be8 30.Rd7 Nd4 31.Bd1 Nc6 32.Qxb8 Rxb8 33.Rc7 Nd4 34.Rxc5 f6 35.Ra5 e5
36.c5 g5 37.Bxa4 Bg6 38.Rd1 Rxb2 39.c6 Ne2+ 40.Kf1  1-0